Teorías sobre la integración, aplicables a la unificación de los países latinoamericanos /
সংরক্ষণ করুন:
| প্রধান লেখক: | |
|---|---|
| বিন্যাস: | গ্রন্থ |
| ভাষা: | Spanish |
| বিষয়গুলি: | |
| ট্যাগগুলো: |
ট্যাগ যুক্ত করুন
কোনো ট্যাগ নেই, প্রথমজন হিসাবে ট্যাগ করুন!
|
MARC
| LEADER | 00000nam a22000007a 4500 | ||
|---|---|---|---|
| 003 | cru IIS | ||
| 005 | 20220111110438.0 | ||
| 008 | 220111b |||||||| |||| 00| 0 spa d | ||
| 040 | |c cru IIS | ||
| 100 | 1 | |9 9321 |a Frambes - Buxeda, Aline |e Autora | |
| 245 | 1 | |a Teorías sobre la integración, aplicables a la unificación de los países latinoamericanos / |c Aline Frambes - Buxeda | |
| 300 | |a páginas 113-144 | ||
| 650 | 0 | |9 381 |a INTEGRACION REGIONAL | |
| 651 | 0 | |9 17 |a AMERICA LATINA | |
| 773 | 0 | |0 43173 |9 6464 |a Universidad Interamericana de Puerto Rico |d Puerto Rico: Universidad Interamericana de Puerto Rico, 1977- |o MFN: 1782 |t HOMINES: |x 02528908 | |
| 942 | |2 ddc |c PP | ||
| 999 | |c 44027 |d 44027 | ||
